000 00721nam a2200289Ia 4500
005 20260324122320.0
008 008 260324s9999 xx 000 0 eng d
020 _a9781315729350
037 _aEBOOK
040 _aCRL
040 _beng
040 _cCRL
041 _2eng
041 _aeng
084 _qCRL
100 _aThalia Gur-Klein
_91165977
245 0 _aSexual Hospitality in the Hebrew Bible
245 0 _bPatronymic, Metronymic, Legitimate and Illegitimate Relations
260 _bTaylor and Francis
260 _c2013
365 _a
365 _b240
856 _uhttp://www.taylorfrancis.com/books/9781315729350
942 _cEBOOK
999 _c1758607
_d1758607